000 00352nam a2200157Ia 4500
008 151213s9999 xx 000 0 und d
100 _aSams
245 _avisual Basic -6
_cSams
250 _a1st
260 _aIndia
_bSams Publication
_c2002
300 _a4203 p.
650 _aComputer
650 _aComputer
700 _aSams
999 _c2627
_d2627